car parts - Statistics

General Stats
  • This quiz has been taken 115 times
  • The average score is 8 of 25
Answer Stats
dificulty parts % Correct
medium engine
83%
very easy wheel
80%
very easy door
63%
easy steering wheel
55%
very easy seat
53%
very easy window
51%
easy windshield
47%
medium trunk
45%
medium mirror
39%
easy sun roof
38%
medium hood
37%
very hard piston
33%
very easy roof
33%
medium windshield wiper
31%
hard fuel tank
26%
medium headlights
26%
easy door handle
25%
hard bumper
23%
medium taillight
23%
very hard grill
14%
medium hub cap
7%
hard back fender
2%
hard front fender
2%
very hard indicator lights
2%
medium licence plate
2%
No matching quizzes found
Score Distribution
Percent of People with Each Score
Percentile by Number Answered
Your Score History
You have not taken this quiz